000 00804nam a2200241 a 4500
005 20160113014146.0
008 140219b1997 ck ||||| |||| 00| 0 spa d
020 _a9589477178
040 _aCO-BoIAVH
_cCO-BoIAVH
041 _aspa
044 _ack
082 _a320.12
_bC82c
110 2 _bCorpes Orinoquia
245 1 0 _aCiudades binarias colombo-venezolanas
260 _aBogotá:
_bCorpes Orinoquia,
_c1997.
300 _a45 páginas
650 1 _aFronteras geográficas
_zOrinoquia (Región)
650 1 _aGreopolítica
_zOrinoquia (Región)
_zColombia
650 1 _aGreopolítica
_zOrinoquia (Región)
_zVenezuela
650 1 4 _aDesarrollo rural
_zOrinoquia (Región)
650 1 4 _aCooperación internacional
_zOrinoquia (Región)
942 _cFolleto
_2ddc
999 _c195
_d195